Nessuno dovrà saperlo

Պահպանված է:
Մատենագիտական մանրամասներ
Հիմնական հեղինակ: Zanin, Bruno
Ձևաչափ: Գիրք
Լեզու:անգլերեն
Ցուցիչներ: Ավելացրեք ցուցիչ
Չկան պիտակներ, Եղեք առաջինը, ով նշում է այս գրառումը!

MARC

LEADER 00000nam a2200000 4500
001 CDOM0000003741
003 mi
005 20251017205249.0
008 250725b |||||||| |||| 00| 0 eng d
040 |c mi 
100 |a Zanin, Bruno 
245 1 |a Nessuno dovrà saperlo  
942 |2 ddc  |c BK 
952 |0 0  |1 0  |2 ddc  |4 0  |7 0  |9 8912  |a MI  |b MI  |d 2009-08-24  |i 5452  |l 0  |p CDOM5452  |r 2025-07-17 21:50:00  |w 2025-07-17  |x DONO  |y BK 
999 |c 7411  |d 7411